书目信息 |
| 题名: |
非线性与量子光学
|
|
| 作者: | 谭维翰 著 | |
| 分册: | ||
| 出版信息: | 北京 科学出版社 2018.05 |
|
| 页数: | 629页 | |
| 开本: | 24cm | |
| 丛书名: | ||
| 单 册: | ||
| 中图分类: | O437 , O431.2 | |
| 科图分类: | ||
| 主题词: | 非线性光学 , 量子光学 | |
| 电子资源: | ||
| ISBN: | 978-7-03-057370-4 | |
| 000 | 00953nam0 2200277 450 | |
| 001 | 4408 | |
| 005 | 20181011142000.90 | |
| 010 | @a978-7-03-057370-4@b精装@dCNY268.00 | |
| 100 | @a20180714d2018 em y0chiy50 ea | |
| 101 | 0 | @achi |
| 102 | @aCN@b110000 | |
| 105 | @ay z 000yy | |
| 200 | 1 | @a非线性与量子光学@9fei xian xing yu liang zi guang xue@f谭维翰著 |
| 205 | @a3版 | |
| 210 | @a北京@c科学出版社@d2018.05 | |
| 215 | @a629页@d24cm | |
| 312 | @a封面英文题名:Nonlinear and quantum optics | |
| 330 | @a本书包括非线性介质中的波、光与物质相互作用的经典与量子理论,二能级、三能级密度矩阵,原子缀饰态,激光振荡理论,光的相干与统计性质,激光偏转原子束,超短脉冲传输与锁定以及光学噪声分岔与混沌。 | |
| 510 | 1 | @aNonlinear and quantum optics@zeng |
| 606 | 0 | @a非线性光学 |
| 606 | 0 | @a量子光学 |
| 690 | @aO437@v5 | |
| 690 | @aO431.2@v5 | |
| 701 | 0 | @a谭维翰@9tan wei han@4著 |
| 801 | 0 | @aCN@b91MARC@c20180714 |
| 905 | @aMuseLib@dO437@e70=3 | |
| 非线性与量子光学/谭维翰著.-3版.-北京:科学出版社,2018.05 |
| 629页;24cm |
| ISBN 978-7-03-057370-4(精装):CNY268.00 |
| 本书包括非线性介质中的波、光与物质相互作用的经典与量子理论,二能级、三能级密度矩阵,原子缀饰态,激光振荡理论,光的相干与统计性质,激光偏转原子束,超短脉冲传输与锁定以及光学噪声分岔与混沌。 |
| ● |
| 相关链接 |
|
|
|
|
正题名:非线性与量子光学
索取号:O437/70=3
 
预约/预借
| 序号 | 登录号 | 条形码 | 馆藏地/架位号 | 状态 | 备注 |
| 1 | 1124965 | 211249656 | 第二样本阅览室/ [索取号:O437/70=3] | 在馆 | |
| 2 | 1124966 | 211249665 | 第三借阅区/ [索取号:O437/70=3] | 在馆 |